000 01033nas a2200325 4500
001 BR2013004495
003 BR-BrBNA
005 20231205122436.0
007 ta
008 230509b bl.|||p| |||| 00| 00por d
040 _aBR-BrBNA
_bpor
_cBiblioteca Nacional de Agricultura
041 _a(En)
072 _aP35; P33
100 1 _aSilva, D.R.G.
100 1 _aMarchi, G.
100 1 _aSpehar, C.R.
100 1 _aGuilherme, L.R.G.
100 1 _aRein, T.A.
100 1 _aSoares, D.A.
100 1 _aÁvila, F.W.
245 1 _aCharacterization and nutrient release from silicate rocks and influence on chemical changes in soil
650 _aCORRETIVO
650 _aFERTILIZANTE
650 _aPROPRIEDADE FÍSICO-QUÍMICA
650 _aFERTILIDADE DO SOLO
773 0 _tRevista Brasileira de Ciência do Solo (Brazil)
_xISSN 0100-0683
_g(May-Jun 2012), v. 36(3) p. 951-962
_wBR2013004495
856 4 0 _uhttp://www.scielo.br/pdf/rbcs/v36n3/25.pdf
909 _a202311
_bLúcia
_c55
_dLúcia Elande
942 _2AGRIS
_n0
_cANA
999 _c228672
_d228672